| 000 | 00741nam a2200217 a 4500 | ||
|---|---|---|---|
| 001 | 42551 | ||
| 003 | BD-RjUL | ||
| 005 | 20211209053546.0 | ||
| 008 | 180507s2016 bg a|||| |||| 001 0 eng d | ||
| 020 |
_a9789845190282 _c: Complimentary |
||
| 035 | _a(BD-RjUL)42669 | ||
| 040 |
_aBD-RjUL _beng _cBD-RjUL _dBD-RjUL |
||
| 041 | _aeng | ||
| 082 |
_aRA 330.954926021 _bPAT 2016 |
||
| 110 | 1 |
_aBangladesh Bureau of Statistics (BBS) _9221309 |
|
| 245 |
_aEconomic Census 2013, District Report: _bPatuakhali / _cBangladesh Bureau of Statistics (BBS) |
||
| 260 |
_aDhaka: _aBBS, _c2016 |
||
| 300 |
_axviii, 509 p. : _cIll. ; _b28 cm. |
||
| 650 |
_aBangladesh _zPatuakhali _xEconomic conditions _y21st century _vStatistics _9221310 |
||
| 942 |
_2ddc _cRAR |
||
| 999 |
_c42551 _d42551 |
||